<?xml version='1.0' encoding='UTF-8'?>
  <record xmlns="http://www.loc.gov/MARC21/slim">
    <leader>00000ctm a22000007i 4500</leader>
    <controlfield tag="001">on1257481455</controlfield>
    <controlfield tag="003">OCoLC</controlfield>
    <controlfield tag="005">20230919222121.9</controlfield>
    <controlfield tag="007">cr |||||||||||</controlfield>
    <controlfield tag="008">210624q12001420ne      o     000 0 lat d</controlfield>
    <datafield tag="040" ind1=" " ind2=" ">
      <subfield code="a">QGJ</subfield>
      <subfield code="b">eng</subfield>
      <subfield code="e">rda</subfield>
      <subfield code="e">amremm</subfield>
      <subfield code="c">QGJ</subfield>
      <subfield code="d">QGJ</subfield>
      <subfield code="d">OCLCO</subfield>
      <subfield code="d">QGJ</subfield>
      <subfield code="d">OCLCF</subfield>
      <subfield code="d">QGJ</subfield>
      <subfield code="d">OCLCO</subfield>
    </datafield>
    <datafield tag="035" ind1=" " ind2=" ">
      <subfield code="a">(OCoLC)1257481455</subfield>
    </datafield>
    <datafield tag="242" ind1="1" ind2="0">
      <subfield code="a">Utrecht missal :</subfield>
      <subfield code="b">[Winter part]</subfield>
      <subfield code="y">eng</subfield>
    </datafield>
    <datafield tag="245" ind1="0" ind2="0">
      <subfield code="a">Missale Traiectense :</subfield>
      <subfield code="b">[Winterdeel].</subfield>
      <subfield code="f">MCC ABM h62</subfield>
    </datafield>
    <datafield tag="246" ind1="3" ind2=" ">
      <subfield code="a">Missale Trajectense</subfield>
    </datafield>
    <datafield tag="246" ind1="3" ind2=" ">
      <subfield code="a">Missale hiemale</subfield>
    </datafield>
    <datafield tag="264" ind1=" " ind2="1">
      <subfield code="a">[Utrecht, The Netherlands?],</subfield>
      <subfield code="c">[approximately 1200-1420]</subfield>
    </datafield>
    <datafield tag="300" ind1=" " ind2=" ">
      <subfield code="a">1 online resource (manuscript) :</subfield>
      <subfield code="b">notated music, decorated initials ;</subfield>
      <subfield code="c">350 x 250 (275 x 190) mm</subfield>
    </datafield>
    <datafield tag="336" ind1=" " ind2=" ">
      <subfield code="a">text</subfield>
      <subfield code="b">txt</subfield>
      <subfield code="2">rdacontent</subfield>
    </datafield>
    <datafield tag="336" ind1=" " ind2=" ">
      <subfield code="a">notated music</subfield>
      <subfield code="b">ntm</subfield>
      <subfield code="2">rdacontent</subfield>
    </datafield>
    <datafield tag="337" ind1=" " ind2=" ">
      <subfield code="a">computer</subfield>
      <subfield code="b">c</subfield>
      <subfield code="2">rdamedia</subfield>
    </datafield>
    <datafield tag="338" ind1=" " ind2=" ">
      <subfield code="a">online resource</subfield>
      <subfield code="b">cr</subfield>
      <subfield code="2">rdacarrier</subfield>
    </datafield>
    <datafield tag="340" ind1=" " ind2=" ">
      <subfield code="a">parchment</subfield>
      <subfield code="2">rdamat</subfield>
    </datafield>
    <datafield tag="500" ind1=" " ind2=" ">
      <subfield code="a">Manuscript (incomplete) in several hands, including two later additions, in a 20th century binding.</subfield>
    </datafield>
    <datafield tag="500" ind1=" " ind2=" ">
      <subfield code="a">Painted and colored romanesque initials on fol. 1 recto and fol. 16 verso.</subfield>
    </datafield>
    <datafield tag="500" ind1=" " ind2=" ">
      <subfield code="a">Text in 2 columns, 27 lines; 148 + 22 + 4 leaves.</subfield>
    </datafield>
    <datafield tag="500" ind1=" " ind2=" ">
      <subfield code="a">Hufnagel neumes notation.</subfield>
    </datafield>
    <datafield tag="500" ind1=" " ind2=" ">
      <subfield code="a">Littera pregotica.</subfield>
    </datafield>
    <datafield tag="500" ind1=" " ind2=" ">
      <subfield code="a">Original foliation in ink (top of leaves), later foliation added in pencil (bottom of leaves).</subfield>
    </datafield>
    <datafield tag="500" ind1=" " ind2=" ">
      <subfield code="a">Missing leaves (pencil foliation), with ink foliation added between (): 54 (63), 58, (67), 60 (69), 63 (72), 75 (84), 77-78 (86-87), 107 (116), 110-111 (119-120).</subfield>
    </datafield>
    <datafield tag="500" ind1=" " ind2=" ">
      <subfield code="a">One leaf is probably missing between leaves 128-129 (pencil), where the original ink foliation skips from leaf 137 to 139.</subfield>
    </datafield>
    <datafield tag="500" ind1=" " ind2=" ">
      <subfield code="a">Two quires, of 8 and 4 leaves respectively, are kept separately at the Museum Catharijneconvent and are cited as ABM h63.</subfield>
    </datafield>
    <datafield tag="500" ind1=" " ind2=" ">
      <subfield code="a">The above quire consisting of 8 leaves (in ABM h63) should probably be inserted in ABM h62 between leaves 148-149 (pencil foliation), where the ink foliation skips from 158 (CLVIII) to 167 (CLXVII). The part from leaf 149 onwards (pencil foliation) is a later addition in a different hand.</subfield>
    </datafield>
    <datafield tag="505" ind1="1" ind2=" ">
      <subfield code="a">Temporale -- Sanctorale [incomplete] -- Alleluia de Apostalis.</subfield>
    </datafield>
    <datafield tag="500" ind1=" " ind2=" ">
      <subfield code="a">Digitized version: Museum Catharijneconvent, Utrecht (ABM h62).</subfield>
    </datafield>
    <datafield tag="533" ind1=" " ind2=" ">
      <subfield code="a">Electronic reproduction.</subfield>
      <subfield code="b">Utrecht:</subfield>
      <subfield code="c">Universiteitsbibliotheek Utrecht,</subfield>
      <subfield code="d">2021</subfield>
    </datafield>
    <datafield tag="535" ind1="1" ind2=" ">
      <subfield code="3">Manuscript copy</subfield>
      <subfield code="a">Museum Catharijneconvent, Utrecht;</subfield>
      <subfield code="c">Netherlands;</subfield>
      <subfield code="g">ne</subfield>
    </datafield>
    <datafield tag="500" ind1=" " ind2=" ">
      <subfield code="a">Bibliographic reference: Gumbert, J.P., Illustrated inventory of medieval manuscripts in Latin script in the Netherlands (Hilversum, 2011), p. 26, nos. 00054-00056.</subfield>
    </datafield>
    <datafield tag="500" ind1=" " ind2=" ">
      <subfield code="a">Bibliographic reference: Wüstefled, W.C.M., Middeleeuwse boeken van het Catharijneconvent (Zwolle and Utrecht, cop. 1993), nr. 9, p. 34.</subfield>
    </datafield>
    <datafield tag="500" ind1=" " ind2=" ">
      <subfield code="a">Bibliographic reference: Loos, I. de, ‘Een speciale halvetoonsneum in de notatie van de lage landen in de 12e en vroege 13e eeuw’. In: ‘Tijdschrift voor Gregoriaans’ 17 (1992) 1, p. 27-32.</subfield>
    </datafield>
    <datafield tag="500" ind1=" " ind2=" ">
      <subfield code="a">Bibliographic reference: Loos, I. de, Duitse en Nederlandse muzieknotaties in de 12e en 13e eeuw (Dissertation Utrecht, 1996), p. 260-265.</subfield>
    </datafield>
    <datafield tag="500" ind1=" " ind2=" ">
      <subfield code="a">Bibliographic reference: Paléographie Musicale II/III, pl. 134.</subfield>
    </datafield>
    <datafield tag="500" ind1=" " ind2=" ">
      <subfield code="a">Bibliographic reference: Horst, K. van der, Illuminated and decorated medieval manuscripts in the University Library, Utrecht. An illustrated catalogue (Maarssen and 's Gravenhage, 1989), no. 7; no. 6.</subfield>
    </datafield>
    <datafield tag="561" ind1=" " ind2=" ">
      <subfield code="a">Donated by G. van Heukelum Jutphaas (1834-1910) to the Aartsbisschoppelijk Museum (ABM), Utrecht, The Netherlands. Since 1976 in the collection of Museum Catharijneconvent, Utrecht, The Netherlands.</subfield>
    </datafield>
    <datafield tag="655" ind1=" " ind2="7">
      <subfield code="a">missals.</subfield>
      <subfield code="2">aat</subfield>
    </datafield>
    <datafield tag="655" ind1=" " ind2="7">
      <subfield code="a">Gregorian chants.</subfield>
      <subfield code="2">aat</subfield>
    </datafield>
    <datafield tag="655" ind1=" " ind2="7">
      <subfield code="a">Gregorian chants</subfield>
      <subfield code="2">fast</subfield>
    </datafield>
    <datafield tag="655" ind1=" " ind2="7">
      <subfield code="a">Missals (Service books)</subfield>
      <subfield code="2">fast</subfield>
    </datafield>
    <datafield tag="655" ind1=" " ind2="7">
      <subfield code="a">Missals (Service books)</subfield>
      <subfield code="2">lcgft</subfield>
    </datafield>
    <datafield tag="655" ind1=" " ind2="7">
      <subfield code="a">Gregorian chants.</subfield>
      <subfield code="2">lcgft</subfield>
    </datafield>
    <datafield tag="655" ind1=" " ind2="7">
      <subfield code="a">Missels.</subfield>
      <subfield code="2">rvmgf</subfield>
    </datafield>
    <datafield tag="655" ind1=" " ind2="7">
      <subfield code="a">Chants grégoriens.</subfield>
      <subfield code="2">rvmgf</subfield>
    </datafield>
    <datafield tag="710" ind1="2" ind2=" ">
      <subfield code="a">Rijksmuseum Het Catharijneconvent.</subfield>
      <subfield code="k">Manuscript.</subfield>
      <subfield code="n">MCC ABM h62.</subfield>
    </datafield>
    <datafield tag="787" ind1="0" ind2="8">
      <subfield code="i">Complemented by (item):</subfield>
      <subfield code="t">Missale Traiectense : Canon [fragments], Museum Catharijneconvent, Utrecht ABM h63A-B.</subfield>
      <subfield code="w">(OCoLC)1260135839</subfield>
    </datafield>
    <datafield tag="856" ind1="4" ind2="0">
      <subfield code="u">http://objects.library.uu.nl/reader/resolver.php?type=3&amp;obj=1257481455</subfield>
      <subfield code="x">Online</subfield>
      <subfield code="z">Full Text</subfield>
    </datafield>
  </record>